书目信息 |
| 题名: |
中、小学生BASIC语言
|
|
| 作者: | 宗大华 , 韩彦平 编 | |
| 分册: | ||
| 出版信息: | 北京 轻工业出版社 1987.08 |
|
| 页数: | 265页 | |
| 开本: | 19cm | |
| 丛书名: | ||
| 单 册: | ||
| 中图分类: | G633.67 | |
| 科图分类: | ||
| 主题词: | 教育--各级 | |
| 电子资源: | ||
| ISBN: | ||
| 000 | 00680nam0 2200217 45 | |
| 001 | 0301082220 | |
| 005 | 20030108225858.3 | |
| 010 | @dCNY1.65 | |
| 091 | @a13042.087 | |
| 100 | @a20030108d1987 km y0chiy0120 ea | |
| 101 | 0 | @achi |
| 105 | @a z 000yy | |
| 200 | 1 | @a中、小学生BASIC语言@AZhong、Xiao Xue Sheng BASIC Yu Yan@f宗大华,韩彦平编@FZong Da Hua,Han Yan Ping Bian |
| 210 | @a北京@c轻工业出版社@d1987.08 | |
| 215 | @a265页@d19cm | |
| 606 | 0 | @a教育@x各级 |
| 690 | @aG633.67@v3 | |
| 701 | 0 | @a宗大华@4编 |
| 701 | 0 | @a韩彦平@4编 |
| 801 | @aCN@bPftUser@c20030108 | |
| 905 | @f2@b270609-610@f1@b270606@f2@b270604-605@f0@f1@b270607@f0@f1@b270608@f1@b270611@dG633.67@e256 | |
| 中、小学生BASIC语言/宗大华,韩彦平编.-北京:轻工业出版社,1987.08 |
| 265页;19cm |
| ISBN :CNY1.65 |
| ● |
| 相关链接 |
|
|
|
|
正题名:中、小学生BASIC语言
索取号:G633.67/256
 
预约/预借
| 序号 | 登录号 | 条形码 | 馆藏地/架位号 | 状态 | 备注 |
| 1 | 0270603 | 000620689 | 第一样本阅览室/ [索取号:G633.67/256] | 在馆 | |
| 2 | 0270604 | 000621599 | 密集书库/ [索取号:G633.67/256] | 在馆 | |
| 3 | 0270605 | 000621580 | 密集书库/ [索取号:G633.67/256] | 在馆 | |
| 4 | 0270606 | 000620723 | 密集书库/ [索取号:G633.67/256] | 在馆 | |
| 5 | 0270607 | 000620670 | 密集书库/ [索取号:G633.67/256] | 在馆 | |
| 6 | 0270608 | 000620652 | 密集书库/ [索取号:G633.67/256] | 在馆 | |
| 7 | 0270609 | 000620661 | 密集书库/ [索取号:G633.67/256] | 在馆 | |
| 8 | 0270610 | 000620705 | 密集书库/ [索取号:G633.67/256] | 在馆 | |
| 9 | 0270611 | 000621571 | 第四借阅区/ [索取号:G633.67/256] | 在馆 | |
| 10 | 0270612 | 000620714 | 密集书库/ [索取号:G633.67/256] | 在馆 |